UM Logo

Factors that Motivate Voters to Choose their Preferred Political Aspirants in Barangay Alegre, Bansalan, Davao Del Sur/ (Record no. 14957)

MARC details
000 -LEADER
fixed length control field 00705nam a22001697a 4500
008 - FIXED-LENGTH DATA ELEMENTS--GENERAL INFORMATION
fixed length control field 200203b ||||| |||| 00| 0 eng d
082 ## - DEWEY DECIMAL CLASSIFICATION NUMBER
Edition number 2011
Classification number UT 1463
Item number C81
100 ## - MAIN ENTRY--PERSONAL NAME
Personal name Cortez, Mary Wea Morales
9 (RLIN) 41514
245 ## - TITLE STATEMENT
Title Factors that Motivate Voters to Choose their Preferred Political Aspirants in Barangay Alegre, Bansalan, Davao Del Sur/
Statement of responsibility, etc. Mary Wea Morales Cortez, Jesm O. MascariƱo & Irish S. Tatad
260 ## - PUBLICATION, DISTRIBUTION, ETC. (IMPRINT)
Place of publication, distribution, etc. Digos City
Name of publisher, distributor, etc. UMDC
Date of publication, distribution, etc. October 2011
300 ## - PHYSICAL DESCRIPTION
Extent 44 pages
Dimensions 30 cm
650 ## - SUBJECT ADDED ENTRY--TOPICAL TERM
Topical term or geographic name as entry element Bachelor of Arts
Form subdivision Political Science
General subdivision Undergraduate Thesis
9 (RLIN) 41515
700 ## - ADDED ENTRY--PERSONAL NAME
Personal name Cortez, Mary Wea Morales
9 (RLIN) 41516
700 ## - ADDED ENTRY--PERSONAL NAME
Personal name MascariƱo, Jesm O.
9 (RLIN) 41517
700 ## - ADDED ENTRY--PERSONAL NAME
Personal name Tatad,Irish S.
9 (RLIN) 41518
942 ## - ADDED ENTRY ELEMENTS (KOHA)
Source of classification or shelving scheme Dewey Decimal Classification
Koha item type Undergraduate Thesis
Holdings
Withdrawn status Lost status Source of classification or shelving scheme Damaged status Not for loan Collection code Home library Current library Date acquired Total Checkouts Full call number Barcode Date last seen Price effective from Koha item type
    Dewey Decimal Classification     Undergraduate Theses UM Digos College - LIC UM Digos College - LIC 01/22/2020   UT 1463 C81 2011 UT 1463 02/03/2020 02/03/2020 Undergraduate Thesis